[Event "South Moravia Region-chT 2223"]
[Site "Czech Republic"]
[Date "2023.01.15"]
[Round "6.4"]
[White "Moc, Martin"]
[Black "Pokladnik, Martin"]
[Result "0-1"]
[WhiteElo "1912"]
[BlackElo "2018"]
[PlyCount "104"]
[EventDate "2022.10.09"]
[EventType "team-tourn"]
[EventRounds "11"]
[EventCountry "CZE"]
[SourceTitle "EXT 2024"]
[Source "ChessBase"]
[SourceDate "2023.10.10"]
[SourceVersion "1"]
[SourceVersionDate "2023.10.10"]
[SourceQuality "1"]

1. d4 Nf6 2. c4 e6 3. Nf3 b6 4. Nc3 Bb4 5. Bd2 Bb7 6. e3 0-0 7. Bd3 d5 8. 0-0 dxc4 9. Bxc4 Nbd7 10. a3 Be7 11. Rc1 c5 12. dxc5 Nxc5 13. Nd4 Nce4 14. Nxe4 Nxe4 15. Bc3 Nxc3 16. Rxc3 Bf6 17. Rc2 Qe7 18. Qe2 Rfd8 19. Rd1 Rac8 20. Rcd2 Qc5 21. Bb3 Qg5 22. f4 Qa5 23. Nf3 Rxd2 24. Rxd2 Ba6 25. Qd1 g6 26. Rc2 Rd8 27. Qc1 Rd3 28. Bc4 Bxc4 29. Rxc4 Qd5 30. Kf2 Rb3 31. Rc8+ Kg7 32. Rc2 Qd3 33. Re2 a5 34. g4 Qb5 35. g5 Bxb2 36. Qc7 Qc5 37. Qd8 Qf8 38. Qd7 Qxa3 39. Nd4 Bxd4 40. Qxd4+ Kg8 41. Rc2 Qf8 42. Qd7 Kg7 43. Rc8 Rd3 44. Qxd3 Qxc8 45. Qd4+ Kg8 46. Qxb6 Qc3 47. Ke2 a4 48. Qd8+ Kg7 49. e4 a3 50. e5 Qc4+ 51. Ke3 Qc5+ 52. Ke2 Qd5 0-1